Arwaachina Marathitila Khanda Kaavye (1850-1950) (Record no. 347938)
[ view plain ]
| 000 -LEADER | |
|---|---|
| fixed length control field | 005920000a22002290004500 |
| 005 - DATE AND TIME OF LATEST TRANSACTION | |
| control field | 20120302055250.0 |
| 040 ## - CATALOGING SOURCE | |
| Original cataloging agency | MAR |
| 100 ## - MAIN ENTRY--PERSONAL NAME | |
| Personal name | Todamal,Ha.Ki. |
| 245 ## - TITLE STATEMENT | |
| Title | Arwaachina Marathitila Khanda Kaavye (1850-1950) |
| 250 ## - EDITION STATEMENT | |
| Edition statement | 2 |
| 260 ## - PUBLICATION, DISTRIBUTION, ETC. (IMPRINT) | |
| Place of publication, distribution, etc | Pune:Continental Prakaashan,1974. |
| 300 ## - PHYSICAL DESCRIPTION | |
| Extent | 382p. |
| 365 ## - TRADE PRICE | |
| Price amount | 25/- |
| 650 ## - SUBJECT ADDED ENTRY--TOPICAL TERM | |
| Topical term or geographic name as entry element | Kaavya |
| 650 ## - SUBJECT ADDED ENTRY--TOPICAL TERM | |
| Topical term or geographic name as entry element | Khanda Kaavya |
| 650 ## - SUBJECT ADDED ENTRY--TOPICAL TERM | |
| Topical term or geographic name as entry element | Arwaachina Marathi Khanda Kaavya |
| 650 ## - SUBJECT ADDED ENTRY--TOPICAL TERM | |
| Topical term or geographic name as entry element | Swaroop-Vyaapti |
| 650 ## - SUBJECT ADDED ENTRY--TOPICAL TERM | |
| Topical term or geographic name as entry element | Vishaya-Khandakaavya |
| 650 ## - SUBJECT ADDED ENTRY--TOPICAL TERM | |
| Topical term or geographic name as entry element | Kaavya Rachanaa |
| 650 ## - SUBJECT ADDED ENTRY--TOPICAL TERM | |
| Topical term or geographic name as entry element | Pauraanika-Itihaasika Khanda Kaavya |
| 942 ## - ADDED ENTRY ELEMENTS (KOHA) | |
| Koha item type | Book |
| Withdrawn status | Lost status | Damaged status | Not for loan | Home library | Current library | Date acquired | Total Checkouts | Barcode | Date last seen | Price effective from |
|---|---|---|---|---|---|---|---|---|---|---|
| Institute For Oriental Study, Thane | Institute For Oriental Study, Thane | 12/02/2009 | IOS-8288 | 12/02/2009 | 12/02/2009 |